| 000 -LEADER |
| fixed length control field |
00419nam a22001451a 4500 |
| 082 ## - DEWEY DECIMAL CLASSIFICATION NUMBER |
| Classification number |
M3007 |
| Item number |
GNP/D |
| 100 ## - MAIN ENTRY--PERSONAL NAME |
| Personal name |
G N Panicker |
| 9 (RLIN) |
170084 |
| 245 ## - TITLE STATEMENT |
| Title |
Dev...Kesava Dev.../ |
| Statement of responsibility, etc. |
by G N Panicker. |
| 260 ## - PUBLICATION, DISTRIBUTION, ETC. |
| Place of publication, distribution, etc. |
Kottayam: |
| Name of publisher, distributor, etc. |
Sahitya Pravartaka Co-operative Society, |
| Date of publication, distribution, etc. |
1993. |
| 300 ## - PHYSICAL DESCRIPTION |
| Extent |
230p. |
| 650 ## - SUBJECT ADDED ENTRY--TOPICAL TERM |
| Topical term or geographic name entry element |
Literature |
| 9 (RLIN) |
170085 |
| 650 ## - SUBJECT ADDED ENTRY--TOPICAL TERM |
| Topical term or geographic name entry element |
Literature Malayalam |
| 9 (RLIN) |
170086 |
| 650 ## - SUBJECT ADDED ENTRY--TOPICAL TERM |
| Topical term or geographic name entry element |
Novel Malayalam Study |
| 9 (RLIN) |
170087 |
| 942 ## - ADDED ENTRY ELEMENTS (KOHA) |
| Koha item type |
Book |